| 000 | 01232nam a22003377a 4500 | ||
|---|---|---|---|
| 003 | CHAP | ||
| 005 | 20220329134753.0 | ||
| 008 | 971013s1980 r 10010 d | ||
| 010 | _a25650 | ||
| 011 | _a26622 | ||
| 035 | _a30723 | ||
| 040 | _cCHAP | ||
| 082 |
_a574.82 _bC63 |
||
| 111 | 0 | 0 |
_aConference on Nursery Production of Fruit Plants Through Tissue Culture Applications and Feasibility ( _d1980 _c: Beltsville, Maryland) _926425 |
| 245 | _aProceeding | ||
| 260 |
_aBeltsille, Maryland : _bThe Department, _c1980 |
||
| 300 | _a119 p. | ||
| 490 |
_aAgricultural Research Results. Northeastern Series _v; 11 |
||
| 590 |
_aBATCH-UPD _b10 _c20130110 _lUCH01 _h0127 |
||
| 590 |
_aBATCH-UPD _b10 _c20130110 _lUCH01 _h1644 |
||
| 590 |
_aBATCH-UPD _b10 _c20130410 _lUCH01 _h1034 |
||
| 590 |
_aBATCH-UPD _b10 _c20130914 _lUCH01 _h1029 |
||
| 590 |
_aCONVERSION _b10 _c20130109 _lUCH01 _h1315 |
||
| 650 | 1 | 4 |
_aCultivo de tejidos. _930213 |
| 650 | 1 | 4 |
_aPropagación de árboles frutales. _992415 |
| 710 | 0 |
_aE.U.A. Department of Agriculture. _934876 |
|
| 830 | 0 |
_aAgricultural Research Results. Northeastern Series _v; 11 _92109 |
|
| 901 | _aBK | ||
| 942 | _cLIBRO | ||
| 949 |
_a574.82 C63 _bBC _cLIBRO _d33724000506853 _eLIBRO _h68510 _i30723 _si |
||
| 999 |
_c25650 _d25650 |
||